000 00345nam a2200133Ia 4500
008 240624s9999 xx 000 0 und d
041 _aeng
082 _a658.452 THE
100 _aTHEOBALD THEO
245 _aDEVELOP YOUR PRESENTATION SKILLS
260 _c2013
_aNew Delhi
_bKogan Page
300 _axii, : 170 : p. : cm. ; 22
365 _cRS
_b33
999 _c21664
_d21664